Rao Maldev : Rajyakal 1588-1619 V.S. (Record no. 18906)

MARC details
000 -LEADER
fixed length control field 00500nam a2200169Ia 4500
082 ## - DEWEY DECIMAL CLASSIFICATION NUMBER
Classification number TR.0278
100 ## - MAIN ENTRY--AUTHOR NAME
Personal name Rastogi, Sadhana
245 #0 - TITLE STATEMENT
Title Rao Maldev : Rajyakal 1588-1619 V.S.
260 ## - PUBLICATION, DISTRIBUTION, ETC. (IMPRINT)
Year of publication 1970
Name of publisher University of Jodhpur
300 ## - PHYSICAL DESCRIPTION
Number of Pages 373p. + C D - 32
650 ## - SUBJECT ADDED ENTRY--TOPICAL TERM
Topical Term MARWAR - KINGS AND RULERS///RAO MALDEV - 1588-1619
650 ## - SUBJECT ADDED ENTRY--TOPICAL TERM
Topical Term RAO MALDEV - 1588-1619
650 ## - SUBJECT ADDED ENTRY--TOPICAL TERM
Topical Term MARWAR - HISTORY - 16TH CENTURY
650 ## - SUBJECT ADDED ENTRY--TOPICAL TERM
Topical Term MARWAR - HISTORY - 16TH CENTURY
710 ## - ADDED ENTRY--CORPORATE NAME
Corporate name or jurisdiction name as entry element Sharma, Dasrath
942 ## - ADDED ENTRY ELEMENTS (KOHA)
Koha item type Thesis
Source of classification or shelving scheme Dewey Decimal Classification
Holdings
Withdrawn status Lost status Damaged status Not for loan Home library Current library Date acquired Full call number Accession Number Price effective from Koha item type
        NASSDOC Library NASSDOC Library 08/10/2004 TR.0278 4021 18/04/2019 Thesis